[Event "QA-ANNIV-03"]
[Site "http://www.queenalice.com/game.php?id=360829"]
[Date "2008.2.25"]
[Round "5"]
[White "Sugarrayederson"]
[Black "tehan"]
[Result "1/2-1/2"]
[WhiteElo "1973"]
[BlackElo "2064"]

1. d4 d5 2. Nf3 e6 3. Bf4 c5 4. e3 Nc6 5. c3 a6 6. Nbd2 h6 7. Bd3 Nf6 8. h3 Be7
9. O-O O-O 10. Re1 Bd7 11. dxc5 Bxc5 12. e4 dxe4 13. Nxe4 Nxe4 14. Bxe4 Qe7 15.
Be3 Bxe3 16. Rxe3 Rad8 17. Qc2 Rc8 18. Qb3 Rc7 19. Rd1 Na5 20. Qc2 Rfc8 21. Ne5
Nc6 22. Nxc6 Bxc6 23. Bxc6 Rxc6 24. Red3 b5 25. Qd2 Qf6 26. Rd7 Rc5 27. Rd8+
Rxd8 28. Qxd8+ Qxd8 29. Rxd8+ Kh7 30. Kf1 Rc6 31. Rd7 Kg6 32. Ke2 Kf6 33. Ke3 e5
34. g3 Ke6 35. Rd3 f5 36. f3 Rc7 37. a3 g5 38. g4 f4+ 39. Ke2 Rc8 40. Kf2 a5 41.
Rd2 Rc7 42. Rd8 Rd7 43. Rxd7 Kxd7 44. b3 Kc6 45. Ke2 Kc5 46. Kd3 Kd5 47. c4+
bxc4+ 48. bxc4+ Kc5 49. Kc3 Kd6 50. Kd3 Kc6 51. Kd2 Kd6 52. Kd3 Kc5 1/2-1/2

[Event "SAARC"]
[Site "http://www.queenalice.com/game.php?id=368504"]
[Date "2008.3.10"]
[Round "3"]
[White "tehan"]
[Black "crevice"]
[Result "0-1"]
[WhiteElo "2018"]
[BlackElo "1870"]

1. e4 e5 2. Nf3 Nc6 3. Bb5 a6 4. Ba4 b5 5. Bb3 Nf6 6. d3 Bc5 7. h3 O-O 8. O-O d6
9. c3 Bb7 10. Re1 Qe7 11. Bg5 h6 12. Bh4 g5 13. Bg3 Rfe8 14. Qd2 Rad8 15. Nxg5
hxg5 16. Qxg5+ Kh8 17. Bh4 Nh7 18. Qh5 f6 19. Bf7 Rf8 20. Bg6 Qg7 21. Nd2 Ne7
22. Bxh7 Qxh7 23. Qg4 f5 24. Qg3 fxe4 25. Rf1 Nf5 0-1

[Event "QA-ANNIV-03"]
[Site "http://www.queenalice.com/game.php?id=385506"]
[Date "2008.4.10"]
[Round "6"]
[White "tehan"]
[Black "Marchess"]
[Result "0-1"]
[WhiteElo "2036"]
[BlackElo "1980"]

1. e4 c6 2. d4 d5 3. exd5 cxd5 4. Bd3 Nc6 5. c3 Nf6 6. Bf4 Bg4 7. Nf3 e6 8. h3
Bxf3 9. Qxf3 Be7 10. O-O a6 11. Re1 h6 12. Nd2 Qd7 13. Qg3 Nh5 14. Qf3 Nxf4 15.
Qxf4 Bg5 16. Qg3 Bxd2 17. Re2 Bg5 18. a3 O-O 19. Rae1 Rae8 20. f4 Bf6 21. Qf3 b5
22. g4 Bxd4+ 23. cxd4 Nxd4 24. Qg3 Nxe2+ 25. Rxe2 Rc8 26. Re1 Qd6 27. h4 Rc7 28.
g5 hxg5 29. hxg5 Rfc8 30. Qe3 d4 31. Qd2 Rc5 32. Bf1 Rc2 0-1

[Event "BOARD 1, DIV B"]
[Site "http://www.queenalice.com/game.php?id=385631"]
[Date "2008.4.11"]
[Round "2"]
[White "Macuei"]
[Black "tehan"]
[Result "1-0"]
[WhiteElo "2409"]
[BlackElo "1973"]

1. e4 c5 2. Nf3 Nc6 3. Bb5 a6 4. Bxc6 bxc6 5. d3 Qc7 6. O-O e5 7. Nc3 Nf6 8. Bg5
Be7 9. Nh4 h6 10. Bxf6 Bxf6 11. Nf5 O-O 12. Qf3 d6 13. Nxh6+ Kh7 14. Nf5 Rh8 15.
Rfe1 Kg8 16. a3 Be6 17. b4 cxb4 18. axb4 Qd7 19. Red1 d5 20. Na4 Qd8 21. Nc5
Bxf5 22. Qxf5 a5 23. Rxa5 Rxa5 24. bxa5 Qxa5 25. Qc8+ Qd8 26. Qxc6 dxe4 27. Ra1
Kh7 28. Qxe4+ g6 29. Ra7 Qe8 30. Qd5 Be7 31. Ne4 Qb8 32. Qxf7+ Kh6 33. g4 Qc8
34. Qxe7 Qxg4+ 35. Ng3 Rb8 36. Qh7+ Kg5 37. Ra6 1-0

[Event "AUTO-OPEN-525"]
[Site "http://www.queenalice.com/game.php?id=392493"]
[Date "2008.4.24"]
[Round "3"]
[White "tehan"]
[Black "ErnestoFonseca"]
[Result "1-0"]
[WhiteElo "1971"]
[BlackElo "1590"]

1. e4 c5 2. Nf3 Nc6 3. c3 Nf6 4. e5 Nd5 5. d4 cxd4 6. cxd4 d6 7. exd6 e6 8. Bc4
Bxd6 9. O-O Nb6 10. Bb5 O-O 11. Bxc6 bxc6 12. Nc3 Nd5 13. Be3 Ba6 14. Re1 Nb4
15. Qd2 Nd3 16. Red1 1-0

[Event "AUTO-OPEN-525"]
[Site "http://www.queenalice.com/game.php?id=392494"]
[Date "2008.4.24"]
[Round "3"]
[White "ErnestoFonseca"]
[Black "tehan"]
[Result "0-1"]
[WhiteElo "1576"]
[BlackElo "1973"]

1. e4 c5 2. Nf3 Nc6 3. d4 cxd4 4. Nxd4 a6 5. c4 d6 6. Nc3 Nf6 7. Be2 e5 8. Nc2
Be7 9. O-O O-O 10. Qd3 Be6 11. Nd5 Rc8 12. Be3 Rb8 13. Bb6 Qd7 14. Rfd1 Ne8 15.
a3 Bd8 16. Qe3 Bxb6 17. Nxb6 Qe7 0-1

[Event "QA-ANNIV-03"]
[Site "http://www.queenalice.com/game.php?id=413681"]
[Date "2008.6.5"]
[Round "7"]
[White "bruno_borges"]
[Black "tehan"]
[Result "1-0"]
[WhiteElo "1936"]
[BlackElo "1991"]

1. e4 c5 2. Nf3 Nc6 3. Bb5 a6 4. Be2 d6 5. O-O Nf6 6. d3 h6 7. b3 e5 8. Nfd2 Be7
9. f4 exf4 10. Rxf4 O-O 11. Nc4 b5 12. Ne3 Nd4 13. Bg4 Nxg4 14. Nxg4 Bxg4 15.
Rxg4 Ne6 16. Bxh6 Bg5 17. Bxg5 Nxg5 18. Qd2 Ne6 19. Nc3 Qf6 20. Rf1 Qd4+ 21. Kh1
Nc7 22. Ne2 Qe5 23. Qf4 Ne6 24. Qxe5 dxe5 25. Nc3 Nd4 26. Rf2 Ra7 27. Nd5 Rd8
28. c3 Ne6 29. Rg3 Kf8 30. Kg1 Rad7 31. c4 Nd4 32. Rg5 f6 33. Rxe5 Kf7 34. Rh5
Kg6 35. Rh3 1-0

[Event "AUTO-MASTER-1372"]
[Site "http://www.queenalice.com/game.php?id=915801"]
[Date "2011.3.21"]
[Round "1"]
[White "HILITO"]
[Black "tehan"]
[Result "1/2-1/2"]
[WhiteElo "2039"]
[BlackElo "1956"]

1. e4 c5 2. Nf3 Nc6 3. g3 d6 4. Bg2 g6 5. O-O Nf6 6. d3 Bg7 7. Nbd2 O-O 8. Re1
Qc7 9. Nc4 b5 10. Ne3 Bb7 11. c3 Rac8 12. Rb1 a6 13. Bd2 Rfd8 14. Nd5 Nxd5 15.
exd5 Ne5 16. Nxe5 Bxe5 17. c4 bxc4 18. dxc4 Re8 19. Bh6 e6 20. dxe6 Rxe6 21. b3
Bxg2 22. Kxg2 Rd8 23. Qd5 Qe7 24. h4 Qd7 25. Rbd1 Rde8 26. Bd2 Bd4 27. h5 Re5
28. Rxe5 Rxe5 29. Qa8+ Qe8 30. Qxe8+ Rxe8 31. hxg6 hxg6 32. Re1 Rxe1 33. Bxe1
Kg7 34. f4 Kf6 35. Kf3 Kf5 36. g4+ Ke6 37. Ba5 d5 1/2-1/2

[Event "AUTO-MASTER-1372"]
[Site "http://www.queenalice.com/game.php?id=915802"]
[Date "2011.3.21"]
[Round "1"]
[White "tehan"]
[Black "HILITO"]
[Result "1-0"]
[WhiteElo "1959"]
[BlackElo "2036"]

1. e4 c6 2. d4 d5 3. Nc3 dxe4 4. Nxe4 Nd7 5. Nf3 Ngf6 6. Nc3 e6 7. Bd3 Be7 8.
O-O O-O 9. Bg5 Nd5 10. Bxe7 Qxe7 11. Ne2 N7f6 12. a3 b6 13. Re1 Bb7 14. c3 c5
15. Ng3 Rac8 16. Qd2 cxd4 17. Nxd4 Qd6 18. Rad1 Rfd8 19. Nc2 Kh8 20. Be2 Qc7 21.
Qc1 Nf4 22. Ne3 Nxe2+ 23. Rxe2 Rxd1+ 24. Qxd1 h6 25. Rd2 Nd5 26. Nxd5 Bxd5 27.
Qg4 f5 28. Qg6 Qc6 29. Nh5 Rc7 30. h3 b5 31. Rd3 Qd7 32. Nf4 Rc4 33. Qg3 g5 34.
Ng6+ Kg7 35. Ne5 f4 36. Qg4 Qc7 37. Nxc4 bxc4 38. Rd2 Qe5 39. Re2 Qf6 40. h4 f3
41. hxg5 hxg5 42. Re3 fxg2 43. Rg3 Kh6 44. f3 Qf5 45. Kxg2 Qc2+ 46. Kh3 Qc1 47.
Rg2 Qh1+ 48. Rh2 Qxf3+ 49. Qxf3 Bxf3 50. Kg3+ Bh5 51. Rd2 Kg6 52. Rd4 Be2 53.
Re4 Bd3 54. Rxe6+ Kf5 55. Ra6 1-0

[Event "AUTO-MASTER-1372"]
[Site "http://www.queenalice.com/game.php?id=915813"]
[Date "2011.3.21"]
[Round "1"]
[White "Donyelko"]
[Black "tehan"]
[Result "0-1"]
[WhiteElo "1998"]
[BlackElo "1927"]

1. e4 c5 2. Bc4 a6 3. Qf3 e6 4. a4 Nc6 5. c3 h6 6. Ne2 Ne5 7. Qh3 Nxc4 8. d3 Ne5
9. f4 Nc6 10. O-O d6 11. Ng3 Bd7 12. f5 exf5 13. exf5 Be7 14. Nh5 Bf6 15. Re1+
Nce7 16. Nxf6+ Nxf6 17. Qg3 Rg8 18. Bf4 Nh5 19. Bxd6 Nxg3 20. Rxe7+ Qxe7 21.
Bxe7 Kxe7 22. hxg3 Bxf5 23. Nd2 Rge8 24. Nf3 Bxd3 0-1

[Event "AUTO-MASTER-1372"]
[Site "http://www.queenalice.com/game.php?id=915814"]
[Date "2011.3.21"]
[Round "1"]
[White "tehan"]
[Black "Donyelko"]
[Result "1-0"]
[WhiteElo "1948"]
[BlackElo "2009"]

1. e4 e5 2. Nf3 Nc6 3. Bb5 Qf6 4. O-O a6 5. Ba4 b5 6. Bb3 Nd4 7. Nxd4 Bb7 8. Ne2
Bxe4 9. Re1 Qc6 10. f3 Bg6 11. Ng3 d6 12. d4 O-O-O 13. Be3 h5 14. h3 h4 15. Nh1
exd4 16. Bxd4 f6 17. Be6+ Kb8 18. Bd5 Qxc2 19. Qxc2 Bxc2 20. Rc1 Bf5 21. a3 c5
22. Be3 Ne7 23. Ba2 g5 24. Nf2 Bg7 25. Nc3 Bg6 26. Re1 Nf5 27. Bb1 Ne7 28. Bxg6
Nxg6 29. Rad1 f5 30. Bxg5 Rd7 31. Be3 Kc7 32. Nd5+ Kc6 33. b3 Re8 34. Kf1 Bb2
35. Re2 Bg7 36. Bc1 Rxe2 37. Kxe2 Bd4 38. Nf4 Nxf4+ 39. Bxf4 a5 40. Nd3 Bf6 41.
Rc1 Rg7 42. Kf1 Rd7 43. Bd2 b4 44. axb4 axb4 45. Bxb4 Bd4 46. Bc3 Be3 47. Rc2
Rb7 48. b4 c4 49. Be1 d5 50. Ne5+ Kb5 51. Bxh4 Rh7 52. Be1 Re7 53. Ng6 Re6 54.
Nf8 Re8 55. Nh7 d4 56. Nf6 Rd8 57. Re2 c3 58. Bxc3 dxc3 59. Rxe3 c2 60. Rc3 Rd1+
61. Kf2 c1=Q 62. Rxc1 Rxc1 63. Nd5 Rc8 64. Kg3 Rg8+ 65. Kf2 Rg7 66. g4 fxg4 67.
hxg4 Rg5 68. Ne3 Kc6 69. Nf5 Kb5 70. Kg3 Kxb4 71. Kh4 Rg8 72. g5 Kc5 73. Kg4 Rf8
74. g6 Kd5 75. g7 1-0

[Event "AUTO-MASTER-1372"]
[Site "http://www.queenalice.com/game.php?id=915819"]
[Date "2011.3.21"]
[Round "1"]
[White "alainbouley"]
[Black "tehan"]
[Result "1-0"]
[WhiteElo "2118"]
[BlackElo "1966"]

1. e4 c5 2. Nf3 Nc6 3. d4 cxd4 4. Nxd4 g6 5. Nc3 Bg7 6. Be3 a6 7. Be2 d6 8. O-O
Nf6 9. h3 O-O 10. Qd2 Qc7 11. f4 Bd7 12. f5 Qc8 13. fxg6 hxg6 14. Rad1 Kh7 15.
Nf3 Rh8 16. Bc4 Kg8 17. Ng5 Ne5 18. Bb3 Be8 19. Nd5 Nxd5 20. Bxd5 Bf6 21. c3 Nc4
22. Qe2 Nxe3 23. Qxe3 Bxg5 24. Qxg5 Qc5+ 25. Kh2 e6 26. b4 Qxc3 27. Bxb7 Ra7 28.
Rc1 Qxb4 29. Rc8 Kg7 30. Qf6+ Kh7 31. Rxe8 Rxe8 32. Qxf7+ Kh6 33. Qxe8 Rxb7 34.
Qxe6 Qd2 35. Rf6 Qg5 36. Qxd6 Rb2 37. Qf8+ Kh5 38. Qh8+ Qh6 39. Qxh6+ Kxh6 40.
Rxa6 Re2 41. Ra4 Kg5 42. Kg3 Kf6 43. Kf3 Rc2 44. h4 Rc3+ 45. Kf4 1-0

[Event "AUTO-MASTER-1372"]
[Site "http://www.queenalice.com/game.php?id=915820"]
[Date "2011.3.21"]
[Round "1"]
[White "tehan"]
[Black "alainbouley"]
[Result "0-1"]
[WhiteElo "1936"]
[BlackElo "2100"]

1. e4 e5 2. Nf3 Nf6 3. Bc4 Nxe4 4. Qe2 d5 5. Nxe5 Bc5 6. Nd3 O-O 7. Bb3 Nxf2 8.
Kf1 Bg4 9. Qe5 Bd6 10. Qd4 Nxh1 11. Qxg4 Bxh2 12. Nc3 Qf6+ 13. Qf3 Ng3+ 14. Kf2
Qd4+ 15. Qe3 Nh1+ 16. Kf1 Qxe3 17. dxe3 c6 18. Bd2 Nd7 19. Nf4 Bxf4 20. exf4
Ng3+ 21. Kg1 Rae8 22. Kh2 Nf5 23. Rh1 Nd4 0-1

[Event "Torneo Mundial 2"]
[Site "http://www.queenalice.com/game.php?id=923226"]
[Date "2011.4.7"]
[Round "1"]
[White "ludimad"]
[Black "tehan"]
[Result "0-1"]
[WhiteElo "1113"]
[BlackElo "1946"]

1. g3 c5 2. Bg2 d5 3. c3 Nf6 4. f4 Nc6 5. Qa4 Bd7 6. Qb5 Nb4 7. Qxc5 Nc2+ 8. Kf1
Nxa1 9. Na3 e6 10. Qd4 Bxa3 11. bxa3 Qa5 12. Qb4 Qa6 13. Qb2 O-O 14. Qxa1 Rac8
15. Nf3 Rfd8 16. Qb1 Bc6 17. Ng5 h6 18. Nf3 Rc7 19. Nd4 Rdc8 20. Ke1 Ne8 21. Bh3
Kh8 22. f5 Bd7 23. a4 e5 24. Nf3 f6 25. Rg1 Bxa4 26. Ba3 Bb5 27. Qb4 Rf7 28. d3
Qb6 29. Rg2 a5 30. Qb2 Rfc7 31. Nd2 Rxc3 32. Nb3 Qe3 33. Qa1 Bxd3 34. Kf1 Be4
35. Rf2 a4 36. Bc5 R8xc5 37. Nxc5 Rc1+ 38. Qxc1 Qxc1# 0-1

[Event "AUTO-ADV-2149"]
[Site "http://www.queenalice.com/game.php?id=934767"]
[Date "2011.5.6"]
[Round "1"]
[White "salvador_2011"]
[Black "tehan"]
[Result "1-0"]
[WhiteElo "2142"]
[BlackElo "1955"]

1. e4 c5 2. Nf3 Nc6 3. d4 cxd4 4. Nxd4 g6 5. c4 Bg7 6. Be3 Nf6 7. Nc3 O-O 8. Be2
d6 9. O-O Qd7 10. f4 e6 11. Qd3 Nb4 12. Qd2 Rb8 13. Ndb5 a6 14. Nxd6 Rd8 15. e5
Ne8 16. Nce4 Nc6 17. Bb6 Nxd6 18. exd6 Re8 19. Kh1 Nd8 20. Nc5 Qc6 21. d7 Rf8
22. dxc8=Q Rxc8 23. Nd7 Re8 24. Bf3 Qxc4 25. Rfc1 1-0

[Event "AUTO-ADV-2149"]
[Site "http://www.queenalice.com/game.php?id=934768"]
[Date "2011.5.6"]
[Round "1"]
[White "tehan"]
[Black "salvador_2011"]
[Result "0-1"]
[WhiteElo "1938"]
[BlackElo "2204"]

1. e4 e6 2. d4 d5 3. Nc3 dxe4 4. Nxe4 Nd7 5. Nf3 Ngf6 6. Nxf6+ Nxf6 7. Bg5 Be7
8. Bc4 O-O 9. O-O b6 10. Qe2 Bb7 11. Rad1 Nd5 12. Bxe7 Nxe7 13. Rfe1 Ng6 14. Qe3
Qf6 15. c3 Bxf3 16. Qxf3 Qxf3 17. gxf3 Rad8 18. Be2 Nf4 19. Bf1 g5 20. Bd3 c5
21. Bc2 cxd4 22. cxd4 Rd6 23. Rc1 Rfd8 24. b3 Rxd4 25. Kf1 f5 26. h3 Kf7 0-1

[Event "AUTO-ADV-2149"]
[Site "http://www.queenalice.com/game.php?id=934783"]
[Date "2011.5.6"]
[Round "1"]
[White "Leandro_Cardoso"]
[Black "tehan"]
[Result "1-0"]
[WhiteElo "1914"]
[BlackElo "1990"]

1. e4 c5 2. Nf3 Nc6 3. d4 cxd4 4. Nxd4 Nf6 5. Nc3 d6 6. Bc4 g6 7. h3 a6 8. Be3
Bg7 9. O-O Bd7 10. Qe2 O-O 11. Bb3 Nxe4 12. Nxe4 Bxd4 13. c3 Bg7 14. Rad1 Qc7
15. Rd2 Rad8 16. Rfd1 Bf5 17. Ng3 Bc8 18. Kh1 e6 19. Ne4 d5 20. Nc5 Na5 21. Na4
Nxb3 22. axb3 Qc6 23. Nc5 Bd7 24. c4 1-0

[Event "AUTO-ADV-2149"]
[Site "http://www.queenalice.com/game.php?id=934784"]
[Date "2011.5.6"]
[Round "1"]
[White "tehan"]
[Black "Leandro_Cardoso"]
[Result "1-0"]
[WhiteElo "1934"]
[BlackElo "1632"]

1. e4 c6 2. d4 d5 3. Nc3 dxe4 4. Nxe4 Bf5 5. Ng3 Bg6 6. Nf3 Nd7 7. Bd3 Bxd3 8.
Qxd3 Ngf6 9. O-O e6 10. Re1 Be7 11. Bf4 O-O 12. Rad1 Qb6 13. Bc1 Nd5 14. a3 N7f6
15. c3 c5 16. dxc5 Qxc5 17. Ne4 Nxe4 18. Qxe4 Bf6 19. Be3 Nxe3 20. Qxe3 Qxe3 21.
Rxe3 Rfd8 22. Red3 Rxd3 23. Rxd3 Rd8 24. Rxd8+ Bxd8 25. Ne5 Kf8 26. Kf1 Ke7 27.
Ke2 Bc7 28. Nf3 f6 29. h3 g5 30. c4 Kd6 31. b3 h6 32. Nd4 a6 33. f3 Bb6 34. Kd3
Ke5 35. Ne2 f5 36. b4 Bf2 37. b5 axb5 38. cxb5 b6 39. Nc1 1-0

[Event "AUTO-ADV-2149"]
[Site "http://www.queenalice.com/game.php?id=934795"]
[Date "2011.5.6"]
[Round "1"]
[White "tehan"]
[Black "KobeB"]
[Result "1-0"]
[WhiteElo "1978"]
[BlackElo "1872"]

1. e4 e5 2. Nf3 Nc6 3. Bb5 a6 4. Ba4 Nf6 5. O-O Bc5 6. h3 b5 7. Bb3 O-O 8. Re1
Re8 9. c3 d5 10. exd5 Nxd5 11. d3 Bf5 12. d4 exd4 13. Rxe8+ Qxe8 14. Bxd5 dxc3
15. Nxc3 Rd8 16. Qe1 Nb4 17. Qxe8+ Rxe8 18. Bb3 Bc2 19. Bxc2 Nxc2 20. Rb1 Bd6
21. Bg5 f6 22. Bh4 c6 23. a3 c5 24. Rc1 Nd4 25. Nxd4 cxd4 26. Nb1 f5 27. Kf1 f4
28. f3 a5 29. Rc6 Bf8 30. Bg5 d3 31. Bxf4 h6 32. Ra6 g5 33. Bd2 a4 34. Rb6 Re5
35. Nc3 Bg7 36. Nxb5 Re2 37. Bc3 Rc2 38. Bxg7 Rc1+ 39. Kf2 d2 40. Nc3 Rxc3 41.
Ke2 Rd3 42. Kd1 Kxg7 43. Rc6 h5 44. Rc2 Kf6 45. Rxd2 Re3 46. Rd4 Ke5 47. Rxa4
1-0

[Event "AUTO-ADV-2149"]
[Site "http://www.queenalice.com/game.php?id=934796"]
[Date "2011.5.6"]
[Round "1"]
[White "KobeB"]
[Black "tehan"]
[Result "1-0"]
[WhiteElo "1913"]
[BlackElo "1973"]

1. e4 c5 2. Nf3 Nc6 3. Bb5 a6 4. Bxc6 bxc6 5. O-O g6 6. c3 Bg7 7. d3 d6 8. Be3
Nf6 9. Nbd2 O-O 10. Rb1 Rb8 11. b4 cxb4 12. Rxb4 Rxb4 13. cxb4 Bd7 14. Qc1 Qb8
15. a3 Qb5 16. Nc4 Be6 17. Nd4 Qb7 18. Nxe6 fxe6 19. e5 dxe5 20. Nxe5 Rc8 21.
Bh6 Nd5 22. Bxg7 Kxg7 23. h4 Nf6 24. g4 Rg8 25. f3 Qb5 26. Qg5 Kf8 27. Qf4 Ke8
28. g5 Rf8 29. gxf6 exf6 30. Nc4 Qd5 31. Qe4 Qd7 32. Re1 Kf7 33. h5 Rg8 34.
hxg6+ Rxg6+ 35. Kf2 e5 36. Rd1 Qh3 37. d4 Rg2+ 38. Ke3 Qh2 39. Re1 Rc2 40. Kd3
Ra2 41. Re2 Rxe2 42. Qxe2 Qh3 43. dxe5 fxe5 44. Nxe5+ Kg7 45. Nxc6 Qf5+ 46. Kc3
Kh6 47. Qh2+ Kg5 48. Qe5 1-0

[Event "Torneo Mundial 2"]
[Site "http://www.queenalice.com/game.php?id=941606"]
[Date "2011.5.23"]
[Round "2"]
[White "tehan"]
[Black "jajerduco"]
[Result "1-0"]
[WhiteElo "1971"]
[BlackElo "1606"]

1. e4 Nc6 2. Nf3 d6 3. d4 Nf6 4. Nc3 Bg4 5. Be3 e6 6. Be2 g6 7. O-O Bg7 8. h3
Bh5 9. g4 Bxg4 10. hxg4 Nxg4 11. Qd2 Nxe3 12. Qxe3 Bxd4 13. Nxd4 Nxd4 14. Qxd4
Qg5+ 15. Kh2 e5 16. Qe3 Qh4+ 17. Qh3 Qf4+ 18. Qg3 Qd2 19. Bd3 O-O 20. Qe3 Qxe3
21. fxe3 a6 22. Nd5 h5 23. Rg1 c6 24. Nf6+ Kg7 25. Nxh5+ 1-0

[Event "Torneo Mundial 2"]
[Site "http://www.queenalice.com/game.php?id=963512"]
[Date "2011.7.22"]
[Round "3"]
[White "tehan"]
[Black "gofran"]
[Result "0-1"]
[WhiteElo "1946"]
[BlackElo "2045"]

1. e4 e5 2. Nf3 Nc6 3. Bb5 f5 4. exf5 e4 5. Bxc6 dxc6 6. Ng1 Bxf5 7. Ne2 Qh4 8.
h3 Nf6 9. Ng3 Bg6 10. Qe2 Bd6 0-1